|
|
|
|
| LEADER |
00777nta a2200193 i 4500 |
| 001 |
dipl110699 |
| 005 |
20210422105944.0 |
| 008 |
210412s2020 hu om 0|| zxx d |
| 040 |
|
|
|a SZTE Diploma Repozitórium
|b hun
|
| 041 |
|
|
|a zxx
|
| 100 |
1 |
|
|a Bódai Zsófia
|
| 245 |
1 |
0 |
|a Nemi különbségek a rendszeres testmozgás agyműködésre kifejtett hatásában
|h [elektronikus dokumentum] /
|c Zsófia Bódai
|
| 246 |
1 |
0 |
|a Sex- specific effects of regular exercise training on brain function
|h [elektronikus dokumentum]
|
| 260 |
|
|
|c 2020
|
| 650 |
|
4 |
|a Természettudományok
|
| 650 |
|
4 |
|a Biochemistry
|
| 700 |
0 |
1 |
|a Tóth Erzsébet Melinda
|e ths
|
| 700 |
0 |
2 |
|a Csontné Kiricsi Mónika
|e ths
|
| 856 |
4 |
0 |
|u https://diploma.bibl.u-szeged.hu/id/eprint/110699/1/2020_bodai_zsofia.pdf
|z Dokumentum-elérés
|